Регионална библиотека "Любен Каравелов" - Русе

Аз... и Пикасо (Запис номер 181169)

MARC детайли
000 -Лидер
Контролно поле с фиксирана дължина 01726nam a2200361 c 4500
003 - Код на организацията, давaща контролен номер
Контролно поле BLK
005 - Дата и час на последна редакция
Контролно поле 20181210111636.0
008 - Елементи от данни с фиксирана дължина
fixed length control field 180411b bul|||||r ||||||| ||bul||
010 ## - Наследен системен номер
LC control number KNG00190062000
020 ## - Международен стандартен номер на книга ISBN
Международен стандартен номер на книга ISBN 9789542902379
040 ## - Източник на каталожния запис
Идентификатор на билиотеката - собственик на записа BLK
041 ## - Код за език
Код за езика на текст/звукозапис или на отделно заглавие Български
Код за езика КДБФ Български
072 #7 - Код за тематичната категория
Код организация bullib
Код за тематична категория Н84
Текст Българска художествена литература Н
080 ## - УДК
Текстов определител УДК Българска литература
УДК код - определител по УДК 821.163.2
УДК определител -322.6
УДК - код + определител 821.163.2-322.6
100 1# - Редна дума - Автор
Автор Изворски, Георги
Авторска отговорност първи автор
Автор - информация (биография) Станков, Георги Крумов
R(LIN) 331856
139 ## - Редно поле
Редна дума Станков, Георги Крумов
Авторски знак Стани - С 69
245 10 - Сведения за заглавието
Заглавие Аз... и Пикасо
Подзаглавни данни Наръчник на твореца
Редно поле (дума) Георги Изворски; * Георги Крумов Станков.
250 ## - Област на изданието
Сведения за изданието Ново доп. изд.
257 ## - Страна на издаване
Страна на създаване/издаване България
260 ## - Област на издателските данни
Име на издателя, разпространителя и проч. Дилок
Година на издаване 2015
300 ## - Физическа характеристика
Страници 215 с.
Илюстрации и др. със сн.
Размери/Мащаб 20 см
380 ## - Жанр
Жанр Худож. лит.
500 ## - Общи забележки
Забележка 1. изд. 1995 на изд. Клуб Авиатор с подзагл. Голата истина за последните години от живота на знаменития Димитър Казаков - Нерон. - Георги Изворски - псевд. на Георги Крумов Станков.
600 14 - Име на лице, използвано като предмет
За него / За нея Казаков - Нерон, Димитър Георгиев
9 (RLIN) 285271
653 ## - Ключова дума – ненормативна
Ключова дума повести
659 ## - Тематичен бюлетин
Тематичен бюлетин Н
700 1# - Други автори (авторска отговорност)
Лично име Станков, Георги Крумов
Автороска отговорност (Описва отношението между автора и произведението) *
9 (RLIN) 380800
852 ## - Местоположение
Форматна сигнатура Цб 292264
856 4# - Електронен адрес и достъп
Електронен формат pdf - файл
856 4# - Електронен адрес и достъп
Електронен формат pdf - файл
999 ## - СИСТЕМНИ КОНТРОЛНИ НОМЕРА
Koha biblionumber 181169
Koha biblioitemnumber 181169
942 ## - АРТИКУЛИ
Вид на библиотечния материал Книги
Скрит в OPAC Не
944 ## - СЪЗДАВАНЕ И РЕДАКЦИЯ на ЗАПИСА
Създаване/Редакция Създаване
Дата на регистрацията/редакция 24.08.2016
Статус, дата на статуса ф /
Служител, извършил регистрацията/редакцията Виолета_Тройчева
944 ## - СЪЗДАВАНЕ И РЕДАКЦИЯ на ЗАПИСА
Създаване/Редакция Редакция
Дата на регистрацията/редакция 02.08.2017
Статус, дата на статуса ф /
Служител, извършил регистрацията/редакцията Виолета_Тройчева
999 ## - СИСТЕМНИ КОНТРОЛНИ НОМЕРА
Koha biblioitemnumber 181169
Наличности
Код за отписване Код за изгубен артикул Код за повреда Коз за рестрикции Код за отдаване Артикулен № Име на библиотеката - собственик Име на библиотеката, в която се намира в момента Статус (Текущо местоположение) Дата на вписване в системата Местоположение - отдел Цена в лева Инвентарен номер Систематично азбучна сигнатура Баркод Номер на екземпляра Цена в евро Служебна бележка Служебен тип на артикула Източник на класификационната схема
  Не е изгубен Не е повреден без рестрикции заемане за дома 310298 Регионална библиотека "Любен Каравелов" Русе Регионална библиотека "Любен Каравелов" Русе Заемна - подръчен фонд 2016-08-24 Заемна - подръчен фонд 10.00 120000803348 П 886.7-32/С 69 120000803348 1 5.11 Дост: DA Вид: А N: 32 Дата: 24.08.2016 Дата инв: 12.02.2018 Бележки инв: П2018 Книги  
  Не е изгубен Не е повреден без рестрикции заемане за дома 310299 Регионална библиотека "Любен Каравелов" Русе Регионална библиотека "Любен Каравелов" Русе Заемна - подръчен фонд 2016-08-24 Заемна - подръчен фонд 10.00 120000803349 П 886.7-32/С 69 120000803349 2 5.11 Дост: DA Вид: А N: 32 Дата: 24.08.2016 Дата инв: 12.02.2018 Бележки инв: П2018 Книги  
  Не е изгубен Не е повреден без рестрикции ползва се в читалня 310300 Регионална библиотека "Любен Каравелов" Русе Регионална библиотека "Любен Каравелов" Русе Хранилище 2016-09-30 Основен фонд - ползва се само за читалня 10.00 120000804272 Цб 282086 120000804272 3 5.11 Дост: DA Вид: А N: 34 Дата: 30.09.2016 Книги  
  Не е изгубен Не е повреден без рестрикции ползва се в читалня 685930 Регионална библиотека "Любен Каравелов" Русе Регионална библиотека "Любен Каравелов" Русе Хранилище 2018-12-12 Хранилище 10.00   Цб 292264 120000827299   5.11   Книги Universal Decimal Classification
Vip Innovations Ltd, Rousse, Bulgaria 2025